Top 300 Boys' Names (2011) Quiz Stats

 Plays Quiz Updated Oct 16, 2013

Support Sporcle.
Go Orange.
Score 0/300 Timer 20:00
1 Play Today
Rank Name % Correct
27John
92.4%
6Michael
88.5%
17James
86.9%
3William
86.3%
18David
84%
12Matthew
82.8%
63Thomas
81.4%
61Robert
81%
45Jack
80.6%
10Daniel
80.2%
65Jose
79.8%
21Christopher
78.8%
159Mark
78.8%
187Paul
78%
198Peter
77.5%
95Alex
77.3%
165George
76.4%
16Andrew
76.3%
22Joseph
76%
1Jacob
75%
241Andre
74.9%
124Steven
74.6%
127Richard
73.3%
8Alexander
73.1%
39Luke
72.3%
26Samuel
72.1%
19Benjamin
72%
229Stephen
72%
62Charles
71.7%
81Adam
69.7%
122Brian
69.6%
31Jonathan
69%
25Ryan
68.6%
57Henry
68.3%
11Anthony
68.2%
14Joshua
67.9%
67Kevin
67.8%
148Edward
67.5%
71Jason
67%
28Nathan
66.3%
42Nicholas
66.3%
123Timothy
66.1%
64Zachary
64.7%
50Aaron
64.4%
103Eric
63.1%
59Justin
62.7%
23Jackson
62.6%
125Sean
61.9%
38Tyler
60.7%
29Lucas
60.1%
47Brandon
60%
143Patrick
59.9%
121Kyle
59.6%
7Ethan
59.2%
129Jake
59.1%
78Oliver
58.4%
110Bryan
58.1%
15Liam
57.3%
30Christian
57%
279Gregory
57%
145Marcus
56.9%
46Jordan
56.7%
72Ian
56.6%
5Noah
56.1%
58Eli
55.8%
260Luca
55.3%
236Charlie
55.2%
40Evan
54.3%
142Victor
54.1%
152Jeremy
54.1%
179Bradley
54%
35Isaac
52.9%
248Shawn
52.7%
163Alan
52.6%
9Aiden
52.5%
92Jesus
51.9%
84Nathaniel
51.9%
101Vincent
51.7%
167Leo
51.4%
246Jeffrey
50.9%
2Mason
50.7%
96Max
50.1%
53Cameron
49.2%
33Dylan
49%
89Juan
48.7%
262Martin
48.2%
54Connor
48.2%
170Kenneth
48.2%
275Andy
46.6%
13Elijah
46.4%
4Jayden
46%
91Carlos
45.8%
44Owen
45.7%
77Xavier
45.4%
60Austin
45.3%
32Caleb
44.7%
181Derek
44.4%
20Logan
43.5%
51Jeremiah
43.4%
277Erik
42.6%
Rank Name % Correct
24Gabriel
42.5%
283Johnny
42.2%
55Hunter
42%
231Theodore
41.4%
41Carter
41.3%
285Drew
41%
49Julian
40.9%
120Colin
40.8%
43Isaiah
40.8%
263Brendan
40.7%
107Aidan
40.6%
256Simon
40.5%
197Harrison
40.2%
162Oscar
39.9%
118Antonio
39.7%
94Cole
39.6%
141Jesse
39.5%
73Blake
39.3%
144Jonah
39.1%
175Cody
38.9%
69Chase
38.9%
185Seth
38.6%
180Trevor
38.3%
192Abraham
38.2%
234Raymond
38.2%
100Jaden
38.1%
215Shane
37.2%
56Adrian
36.9%
151Grant
36.9%
36Gavin
36.7%
37Brayden
36.5%
90Hayden
36.3%
266Jared
36.2%
134Maxwell
36.1%
284Dean
35.7%
133Joel
35.7%
128Ivan
35.2%
240Johnathan
34.9%
126Miguel
34.5%
34Landon
34.5%
52Angel
34.3%
191Travis
34.2%
79Parker
34.2%
109Ashton
34%
85Carson
34%
111Riley
34%
82Cooper
33.8%
114Bryce
33.6%
48Wyatt
33.3%
149Leonardo
33.3%
76Dominic
33.2%
156Wesley
33.1%
135Brady
32.9%
174Conner
32.6%
272Elliot
32.5%
157Devin
32.4%
297Quinn
32.2%
173Collin
32.1%
166Peyton
31.9%
68Sebastian
31.8%
295Roberto
31.6%
209Calvin
31.4%
86Jaxon
31.4%
104Micah
31.3%
88Luis
31.1%
115Miles
31%
190Garrett
30.7%
87Tristan
30.6%
74Colton
30.6%
188Jorge
30.4%
136Caden
30.3%
70Ayden
30.2%
205Xander
30.2%
97Grayson
29.9%
83Brody
29.8%
214Ricardo
29.8%
199Damien
29.8%
66Levi
29.5%
80Josiah
29.4%
168Nicolas
29.3%
138Damian
29.2%
155Jude
29.2%
130Alejandro
29.2%
230Manuel
29%
259Braden
29%
150Cayden
28.9%
105Kayden
28.8%
235Edwin
28.7%
202Kai
28.5%
201Avery
28.1%
255Graham
28.1%
219Drake
27.9%
280Marco
27.9%
93Nolan
27.6%
113Asher
27.4%
224Mario
27.2%
244Troy
26.9%
249Lukas
26.4%
194Javier
26.3%
227Spencer
26.3%
Rank Name % Correct
119Kaden
26.2%
220Zane
26.1%
137Preston
26%
186Jaiden
25.5%
232Erick
24.9%
99Diego
24.8%
251Tyson
24.7%
243Edgar
24.6%
298Angelo
24.3%
140Jaxson
24.3%
265Zander
24.2%
184Eduardo
24.2%
222Emmett
24%
106Jace
23.9%
258Clayton
23.8%
242Alexis
23.7%
182Tanner
23.6%
193Omar
23.5%
204Ezra
23.5%
237Abel
23.5%
147Emmanuel
23.4%
195Ezekiel
23.4%
200Greyson
23.4%
75Bentley
23.4%
116Kaleb
23.3%
294Anderson
23.3%
176Andres
23.3%
218Chance
23.3%
178Lincoln
23.1%
139Elias
23%
211Francisco
23%
161Kaiden
22.9%
286Caiden
22.6%
290Aden
22.3%
132Axel
22.3%
203Weston
22.1%
210Jameson
22.1%
98Bryson
21.9%
257Everett
21.7%
108Ryder
21.6%
208Fernando
21.5%
282Jasper
21.5%
160Camden
21.1%
216Trenton
21.1%
102Easton
20.8%
153Braxton
20.5%
288Judah
20.4%
158Roman
20.1%
189Cristian
20.1%
112Hudson
19.8%
238Myles
19.4%
221Israel
19.3%
177Declan
19.2%
212Maximus
19.1%
269Dominick
19.1%
183Silas
18.9%
154Gage
18.8%
171Mateo
18.6%
247Hector
18.4%
196Tucker
18.4%
271Kameron
18.4%
239Bennett
18.3%
264Cash
18.1%
254Donovan
18%
146Rylan
17.8%
287Skyler
17.8%
207Corbin
17.7%
261Emanuel
17.6%
299Holden
17.5%
276Dalton
17.4%
117Giovanni
17.3%
172Sawyer
17.1%
164Malachi
17%
293Brennan
16.9%
252Keegan
16.8%
273Paxton
16.6%
268Dante
16.5%
253Kyler
16.3%
274Rafael
16.2%
223Jayce
16.2%
169Maddox
16%
296Reid
15.6%
300Cruz
15.5%
270Lane
15.4%
131Santiago
15.4%
206Jaylen
15.3%
225Landen
15.1%
228Griffin
14.9%
267Ryker
14.6%
245Zion
14.4%
250Amir
14.3%
278Sergio
14.2%
213Josue
14%
292Zayden
14%
289Maximiliano
13.8%
226Kingston
12.9%
291Fabian
12.7%
281Emiliano
11.8%
217Cesar
11.5%
233Braylon
11.5%

From the Vault

Miscellaneous Trios V

by jvwald

Good things come in threes...except for Shemp, he was terrible.
Remove Ads.
Support Sporcle.
Get the best of Sporcle when you Go Orange. This ad-free experience offers more features, more stats, and more fun while also helping to support Sporcle. Thank you for becoming a member.

Show Comments

Extras

Top Quizzes Today


Score Distribution

Your Account Isn't Verified!

In order to create a playlist on Sporcle, you need to verify the email address you used during registration. Go to your Sporcle Settings to finish the process.

Report this User

Report this user for behavior that violates our Community Guidelines.

Details: